000 01461nam a2200313 c 4500
999 _c345922
_d345922
003 BLK
005 20191008171212.0
008 180911b bul|||||r ||||||| ||bul||
010 _a004435
040 _aBLK
041 _aFRE
_cBUL
080 _z949.72+314(497)
100 1 _aPOPGEORGIEV, Jordan et al.
_eпърви автор
_9399801
245 0 0 _aLa Macedoine orientale du Sud : P. I - II
_nР. 3
_pLa region de Drama, Zeukhna, Cavala, Pravichta et Sareu-Chabane : Recherches et documents
260 _aPhilippopoli
_c1918
_fImpr. Chr. G. Danof
300 _aXVI, 60 с. : с факс
_c31 см
380 _a9
490 _aЧастна колекция - Академик Михаил Арнаудов
_gДарение - Основен фонд
505 _tSerres et sa campagne. Recherches et documentsLa region de Drama, Zeukhna, Cavala, Pravichta et Sareu-Chabane. Recherches et documents
655 _aбългарска история
_9396199
700 1 _aJordan Popgeorgiev
_9399802
700 1 _a St. N. Siskov
_9399803
852 _aМА 2979
942 _cKNG
_n0
_s1
944 _aCR
_c1994
999 _d344769